| 000 | 00878cab a22002175a 4500 | ||
|---|---|---|---|
| 001 | L143964 | ||
| 008 | 070531e20080607xxkaod f S 000 0 eng d | ||
| 035 | _a(Sirsi) u143964 | ||
| 041 | 0 | _aeng | |
| 100 | 1 | _aPilkington, Lisa | |
| 245 | 0 | 0 |
_aFocus _bYorkshire industrial and distribution |
| 260 | _c2008 | ||
| 490 |
_aEstates Gazette _v(0822) 7 June 2008, 145-157(7) |
||
| 520 | _aReports on how investors are responding to empty property rates. Considers whether the region could become a low-cost manufacturing alternative to Eastern Europe. Discusses the local effects of the expansion of the Humber ports. Explains why the Government should spend more on the transport network. | ||
| 590 | _aKA | ||
| 651 | 4 |
_aYorkshire _y1888- |
|
| 690 | _aPROPERTY-COMMERCIAL PROPERTY-COMMERCIAL PROPERTY MARKET | ||
| 700 | 1 | _aJack, Simon | |
| 700 | 1 | _aElghamry, Nadia | |
| 942 | _n0 | ||
| 999 |
_c80328 _d80328 |
||